|
|
|
|
| LEADER |
00000nab a2200000 a 4500 |
| 001 |
vtls000849867 |
| 003 |
SK-MaSNL |
| 005 |
20260302164516.0 |
| 008 |
180206c2003 xo 0 slo |
| 015 |
|
|
|a SNBRB2003/10-29912
|
| 035 |
|
|
|a CLN000201522
|
| 040 |
|
|
|a SNKBUCL
|b slo
|c SNKBUCL
|e AACR2
|
| 041 |
0 |
|
|a slo
|
| 044 |
|
|
|a xo
|c SK
|
| 080 |
|
|
|a 796.88.093.1-053.6(4)
|2 UDC-MRF-SK2
|
| 100 |
0 |
|
|a (ptr)
|4 aut
|9 838761
|
| 245 |
1 |
0 |
|a "Chceme medailu aj z Trenčína 2005"
|b strieborný vzpierač z MEJ Jiří Žejdík na seniorské MS nepôjde
|c [autor] (ptr)
|
| 611 |
1 |
7 |
|a Majstrovstvá Európy juniorov vo vzpieraní
|d 2003
|c Valencia, Španielsko
|2 snkbucl
|9 867368
|
| 650 |
0 |
7 |
|a vzpieranie
|2 snkbucl
|9 3253
|
| 655 |
|
7 |
|a články z novín a časopisov
|2 snkbucl
|9 267496
|
| 773 |
0 |
|
|x 0139-7001
|t Šport
|g Roč. 57, č. 235 (13.10.2003), s. 35
|
| 850 |
|
|
|a Slovenská národná knižnica v Martine
|
| 852 |
|
|
|a SNK
|b KIS3GCP
|
| 958 |
|
|
|a RBX
|
| 999 |
|
|
|c 1386921
|d 1388851
|